[Event "Rottach Egern Seniors Cup 12th"]
[Site "Rottach Egern"]
[Date "2024.04.09"]
[Round "4"]
[White "Ernst, Michael"]
[Black "Gosch, Manfred"]
[Result "1-0"]
[WhiteElo "2112"]
[BlackElo "1969"]
[PlyCount "57"]
[EventDate "2024.04.06"]
[EventType "swiss"]
[EventRounds "9"]
[EventCountry "GER"]
[SourceTitle "CB16_2024"]
[SourceDate "2024.04.17"]
[SourceVersion "1"]
[SourceVersionDate "2024.04.17"]
[SourceQuality "1"]

1. d4 d6 2. Bf4 Nf6 3. Nf3 Bf5 4. c3 c6 5. h3 h6 6. e3 Qb6 7. Qb3 g5 8. Bh2 Nbd7 9. Bc4 d5 10. Be2 a5 11. Nbd2 Bg7 12. g4 Bg6 13. Ne5 Qxb3 14. axb3 Bh7 15. b4 a4 16. 0-0 0-0 17. Ra3 Nxe5 18. Bxe5 b5 19. Rfa1 Nd7 20. Bxg7 Kxg7 21. b3 Nb6 22. Bd1 axb3 23. Nxb3 Rxa3 24. Rxa3 Bd3 25. Ra6 Na4 26. Nc5 Nxc3 27. Nxd3 Nxd1 28. Rxc6 e5 29. dxe5 1-0

[Event "Rottach Egern Seniors Cup 12th"]
[Site "Rottach Egern"]
[Date "2024.04.06"]
[Round "1"]
[White "Gosch, Manfred"]
[Black "Schnell, Franz"]
[Result "1-0"]
[WhiteElo "1969"]
[BlackElo "1771"]
[PlyCount "89"]
[EventDate "2024.04.06"]
[EventType "swiss"]
[EventRounds "9"]
[EventCountry "GER"]
[SourceTitle "CB16_2024"]
[SourceDate "2024.04.17"]
[SourceVersion "1"]
[SourceVersionDate "2024.04.17"]
[SourceQuality "1"]

1. d4 d5 2. Bf4 Nf6 3. e3 Bf5 4. Nd2 e6 5. Ngf3 Bd6 6. Bg3 0-0 7. Nh4 Bg4 8. Be2 Bxe2 9. Qxe2 Nc6 10. Nhf3 Re8 11. Ne5 Bxe5 12. dxe5 Nd7 13. Nf3 f6 14. exf6 Qxf6 15. c3 e5 16. 0-0 Rac8 17. Qb5 Nb6 18. a4 a6 19. Qe2 Na5 20. b4 Nac4 21. a5 Nd7 22. e4 c6 23. Rfd1 Qf7 24. Ng5 Qg6 25. exd5 cxd5 26. Rxd5 Nf6 27. Rc5 Rxc5 28. bxc5 Qxg5 29. Qxc4+ Kh8 30. c6 bxc6 31. Qxc6 Qd2 32. f3 h6 33. Bh4 Qe3+ 34. Kh1 Rf8 35. Re1 Qd3 36. Bxf6 gxf6 37. h3 Kg7 38. Re4 h5 39. Qc4 Qd1+ 40. Kh2 Rd8 41. Rh4 Rd2 42. Rxh5 Qxf3 43. Qc7+ Kg8 44. Qh7+ Kf8 45. Qh6+ 1-0

[Event "Bodensee Seniors op"]
[Site "Bregenz"]
[Date "2023.05.16"]
[Round "4"]
[White "Gosch, Manfred"]
[Black "Meyer, Peter2222"]
[Result "0-1"]
[WhiteElo "1940"]
[BlackElo "1995"]
[PlyCount "50"]
[EventDate "2023.05.13"]
[EventType "swiss"]
[EventRounds "7"]
[EventCountry "AUT"]
[SourceTitle "CBM 214 Extra"]
[Source "ChessBase"]
[SourceDate "2023.07.31"]
[SourceVersion "1"]
[SourceVersionDate "2023.07.31"]
[SourceQuality "1"]

1. c4 e5 2. Nc3 Nc6 3. g3 Bc5 4. Bg2 a6 5. d3 Nf6 6. e3 d6 7. Nge2 Ba7 8. 0-0 h5 9. Nd5 h4 10. Nxf6+ Qxf6 11. Nc3 hxg3 12. fxg3 Qh6 13. Qf3 Be6 14. Kf2 Qg6 15. Qe2 Bg4 16. Qd2 Rxh2 17. Kg1 Rh6 18. b4 Qh5 19. Bxc6+ bxc6 20. Qg2 0-0-0 21. Bd2 Bh3 22. Qxc6 Bxf1 23. Kf2 Qh2+ 24. Ke1 Bxd3 25. Kd1 Qh1+ 0-1

[Event "Arco op 43rd"]
[Site "Arco"]
[Date "2021.10.10"]
[Round "2"]
[White "Romanishin, Oleg M"]
[Black "Gosch, Manfred"]
[Result "1-0"]
[WhiteElo "2419"]
[BlackElo "2012"]
[PlyCount "45"]
[EventDate "2021.10.09"]
[EventType "swiss"]
[EventRounds "9"]
[EventCountry "ITA"]
[SourceTitle "CBM 204 Extra"]
[Source "ChessBase"]
[SourceDate "2021.11.30"]
[SourceVersion "1"]
[SourceVersionDate "2021.11.30"]
[SourceQuality "1"]

1. d4 d6 2. g3 e5 3. dxe5 dxe5 4. Qxd8+ Kxd8 5. Nc3 c6 6. f4 Bd6 7. Ne4 Bc7 8. fxe5 Bxe5 9. Nf3 Bc7 10. Bd2 f6 11. 0-0-0 Bd7 12. Nc5 b6 13. Nxd7 Nxd7 14. Bh3 f5 15. Bc3 Ne7 16. e4 Ke8 17. Bxg7 Rg8 18. Bc3 Rd8 19. exf5 Nc5 20. Rxd8+ Kxd8 21. Bf6 Rf8 22. Bh4 Ne4 23. Bxe7+ 1-0

[Event "Bodensee op Seniors 4th"]
[Site "Bregenz"]
[Date "2018.05.12"]
[Round "7"]
[White "Chan, Peng Kong"]
[Black "Gosch, Manfred"]
[Result "1/2-1/2"]
[WhiteElo "2164"]
[BlackElo "2067"]
[PlyCount "42"]
[EventDate "2018.05.06"]
[EventType "swiss"]
[EventRounds "7"]
[EventCountry "AUT"]
[SourceTitle "CBM 184 Extra"]
[Source "ChessBase"]
[SourceDate "2018.06.28"]
[SourceVersion "1"]
[SourceVersionDate "2018.06.28"]
[SourceQuality "1"]

1. c4 d5 2. cxd5 Nf6 3. d4 Nxd5 4. Nf3 g6 5. e4 Nb6 6. Nc3 Bg7 7. Be3 Bg4 8. Bb5+ N8d7 9. 0-0 0-0 10. h3 Bxf3 11. Qxf3 c6 12. Be2 Qe8 13. Rfd1 f5 14. exf5 gxf5 15. Bf4 e6 16. Bd6 Rf6 17. Re1 Nf8 18. Rad1 Qd7 19. Be5 Rf7 20. Bf1 Ng6 21. Bxg7 Rxg7 1/2-1/2

[Event "SUI-ch Seniors"]
[Site "Bern"]
[Date "2014.10.01"]
[Round "4"]
[White "Hohler, Peter"]
[Black "Gosch, Manfred"]
[Result "1-0"]
[WhiteElo "2171"]
[BlackElo "2051"]
[PlyCount "75"]
[EventDate "2014.09.28"]
[EventType "tourn"]
[EventRounds "7"]
[EventCountry "SUI"]
[SourceTitle "EXT 2016"]
[Source "ChessBase"]
[SourceDate "2015.10.08"]
[SourceVersion "1"]
[SourceVersionDate "2015.10.08"]
[SourceQuality "1"]

1. d4 d6 2. e4 Nf6 3. Nc3 g6 4. h3 c6 5. a4 Bg7 6. Nf3 0-0 7. Be2 Na6 8. 0-0 Nb4 9. a5 Qc7 10. Be3 Re8 11. Qd2 Bd7 12. Bc4 d5 13. Bf4 Qc8 14. Be2 dxe4 15. Nxe4 Nbd5 16. Nxf6+ exf6 17. Bh2 h5 18. c4 Ne7 19. d5 Nf5 20. Rfe1 Bh6 21. Qd3 c5 22. Qc3 Bg7 23. Bd3 Rxe1+ 24. Rxe1 g5 25. Nd2 Nd4 26. Bb1 g4 27. hxg4 hxg4 28. Nb3 Nf5 29. Qd3 Qf8 30. Bf4 Re8 31. Rxe8 Qxe8 32. Nxc5 Bc8 33. d6 g3 34. fxg3 Qe1+ 35. Kh2 Nh6 36. Bxh6 Bxh6 37. Qh7+ Kf8 38. Qh8# 1-0

[Event "Zuerich op 37th"]
[Site "Zuerich"]
[Date "2013.12.30"]
[Round "7"]
[White "Gosch, Manfred"]
[Black "Pfleger, Alfred"]
[Result "1-0"]
[WhiteElo "2029"]
[BlackElo "1899"]
[PlyCount "149"]
[EventDate "2013.12.26"]
[EventType "swiss"]
[EventRounds "7"]
[EventCountry "SUI"]
[SourceTitle "CBM 158 Extra"]
[Source "ChessBase"]
[SourceDate "2014.02.28"]
[SourceVersion "1"]
[SourceVersionDate "2014.02.28"]
[SourceQuality "1"]

1. e4 c5 2. f4 Nc6 3. Nc3 d6 4. Nf3 Nf6 5. Bb5 e6 6. e5 Nd5 7. 0-0 Nxc3 8. dxc3 d5 9. Qe1 a6 10. Bd3 c4 11. Be2 Bc5+ 12. Kh1 0-0 13. Qg3 f5 14. Bd2 b5 15. Qh3 h6 16. Rad1 Bb7 17. Bc1 Qb6 18. Qg3 a5 19. Nh4 Ne7 20. Ng6 Nxg6 21. Qxg6 Qc6 22. Qh5 Qe8 23. Qh3 Qf7 24. Rf3 Bc6 25. Rg3 Kh7 26. Qh5 Be8 27. Qf3 Bc6 28. Qf1 Rfd8 29. Bf3 g6 30. Rh3 Qb7 31. Qe1 Qe7 32. Qe2 Bb7 33. Bd2 Kg7 34. Be1 Qc7 35. Bh4 Be7 36. Bf6+ Bxf6 37. exf6+ Kxf6 38. Rxh6 Rh8 39. Rxh8 Rxh8 40. Qe3 Kf7 41. Qd4 Rh7 42. Re1 g5 43. Qe3 Bc8 44. g3 gxf4 45. gxf4 Rh4 46. Bxd5 Kf8 47. Qd4 Qxf4 48. Qxf4 Rxf4 49. Bxe6 Bb7+ 50. Kg1 Be4 51. Re2 Rg4+ 52. Kf2 Rg2+ 53. Ke3 Rxe2+ 54. Kxe2 Bxc2 55. Ke3 Ke7 56. Bc8 b4 57. a3 bxa3 58. bxa3 Kf6 59. Kf4 Kg6 60. h4 Bd3 61. h5+ Kxh5 62. Bxf5 Bf1 63. Be6 Kg6 64. Ke5 Be2 65. Kd4 Kf6 66. Bxc4 Bd1 67. Kc5 Ke5 68. Kb5 a4 69. Kb4 Kd6 70. Bb5 Kd5 71. Bxa4 Bxa4 72. Kxa4 Kc4 73. Ka5 Kc5 74. a4 Kc6 75. Kb4 1-0

[Event "Zuerich Seniors op 08th"]
[Site "Zuerich"]
[Date "2010.02.01"]
[Round "6"]
[White "Gosch, Manfred"]
[Black "Bhend, Edwin"]
[Result "0-1"]
[WhiteElo "2251"]
[BlackElo "2291"]
[PlyCount "80"]
[EventDate "2010.01.25"]
[EventType "swiss"]
[EventRounds "9"]
[EventCountry "SUI"]
[SourceTitle "EXT 2022"]
[Source "ChessBase"]
[SourceDate "2021.10.06"]
[SourceVersion "1"]
[SourceVersionDate "2021.10.06"]
[SourceQuality "1"]

1. e4 c5 2. c3 d5 3. exd5 Qxd5 4. d4 Nf6 5. Nf3 Bg4 6. Be2 e6 7. 0-0 Nc6 8. h3 Bh5 9. dxc5 Qxd1 10. Rxd1 Bxc5 11. b4 Bb6 12. a4 Ne4 13. Be3 Bxe3 14. fxe3 Ke7 15. b5 Na5 16. g4 Bg6 17. Ne5 Rhd8 18. h4 f6 19. Nxg6+ hxg6 20. Ra2 Rac8 21. Rxd8 Rxd8 22. Kg2 b6 23. Kf3 f5 24. Kf4 Rh8 25. h5 Kf6 26. Bd3 e5+ 27. Kf3 Nc5 28. Bf1 fxg4+ 29. Kxg4 gxh5+ 30. Kg3 Rd8 31. Rf2+ Kg5 32. Rf7 Rd7 33. Rf8 Ne4+ 34. Kf3 Nf6 35. Bh3 Rd1 36. Na3 Rd2 37. Bf1 h4 38. e4 g6 39. Rf7 Ra2 40. Nc4 Ng4 0-1

[Event "Zuerich Seniors op 05th"]
[Site "Zuerich"]
[Date "2007.01.23"]
[Round "?"]
[White "Eggmann, Karl"]
[Black "Gosch, Manfred"]
[Result "0-1"]
[WhiteElo "1800"]
[BlackElo "2202"]
[PlyCount "94"]
[EventDate "2007.01.22"]
[EventType "swiss"]
[EventRounds "9"]
[EventCountry "SUI"]
[SourceTitle "EXT 2022"]
[Source "ChessBase"]
[SourceDate "2021.10.06"]
[SourceVersion "1"]
[SourceVersionDate "2021.10.06"]
[SourceQuality "1"]

1. e4 c5 2. Nf3 Nc6 3. c3 d5 4. exd5 Qxd5 5. Be2 Bf5 6. 0-0 Bxb1 7. Rxb1 Qxa2 8. Qc2 e6 9. d3 Bd6 10. Be3 Qa5 11. Nd2 Qc7 12. h3 Nf6 13. b4 cxb4 14. cxb4 0-0 15. Rfc1 Rfc8 16. Qd1 Qd8 17. b5 Nb4 18. Nc4 Be7 19. b6 a6 20. Na5 Qd7 21. Bf4 Nfd5 22. Bd2 Rxc1 23. Qxc1 Rc8 24. Qe1 Nc2 25. Qd1 Nd4 26. Bf1 Bd8 27. Nc4 Nb5 28. Qf3 f6 29. Be3 Rc6 30. Na5 Rc8 31. Nc4 Rc6 32. Na5 Rxb6 33. Bxb6 Bxb6 34. Nc4 Bc7 35. Rc1 Bb8 36. g3 Ba7 37. Kg2 Nd4 38. Qd1 b5 39. Nd6 Ne7 40. Ne4 f5 41. Nd2 Qd5+ 42. Kg1 Qd6 43. Bg2 a5 44. Kf1 a4 45. Nf3 a3 46. Nxd4 Qxd4 47. Qf3 a2 0-1